书目信息 |
| 题名: |
隐秘的逻辑
|
|
| 作者: | 汗青 主编 | |
| 分册: | ||
| 出版信息: | 成都 西南财经大学出版社 2016.02 |
|
| 页数: | 250页 | |
| 开本: | 20cm | |
| 丛书名: | 常读·趣味集 | |
| 单 册: | ||
| 中图分类: | K105 | |
| 科图分类: | ||
| 主题词: | 历史事件--li shi shi jian--世界 | |
| 电子资源: | ||
| ISBN: | 978-7-5504-2066-3 | |
| 000 | 00916nam 2200265 450 | |
| 001 | CAL 0120161774225 | |
| 005 | 20181203155331.54 | |
| 010 | @a978-7-5504-2066-3@b@dCNY32.00 | |
| 100 | @a20160304d2016 em y0chiy50 ea | |
| 101 | 0 | @achi |
| 102 | @aCN@b510000 | |
| 105 | @ay z 000yy | |
| 106 | @ar | |
| 200 | 1 | @a隐秘的逻辑@Ayin mi de luo ji@f汗青主编@g |
| 210 | @a成都@c西南财经大学出版社@d2016.02 | |
| 215 | @a250页@c@d20cm | |
| 225 | 2 | @a常读·趣味集@Achang du ·qu wei ji |
| 330 | @a本书为《常读》系列的一种, 主题为历史事件。全书筛选了先秦、魏晋、三国、明代乃至晚清以及奥匈帝国一战传奇等中外历史大事件, 旨在使读者对历史产生兴趣, 了解真实的历史, 从而形成正确的历史观。 | |
| 410 | 0 | @12001 @a常读·趣味集 |
| 606 | 0 | @a历史事件@Ali shi shi jian@y世界 |
| 690 | @aK105@v5 | |
| 701 | 0 | @a汗青@Ahan qing@4主编 |
| 801 | 0 | @aCN@b人天书店@c20160304@g |
| 905 | @aBZT@dK105@e12 | |
| 906 | @dCNY32.00@n3@r1 | |
| 隐秘的逻辑/汗青主编.-成都:西南财经大学出版社,2016.02 |
| 250页;20cm.-(常读·趣味集) |
| ISBN 978-7-5504-2066-3:CNY32.00 |
| 本书为《常读》系列的一种, 主题为历史事件。全书筛选了先秦、魏晋、三国、明代乃至晚清以及奥匈帝国一战传奇等中外历史大事件, 旨在使读者对历史产生兴趣, 了解真实的历史, 从而形成正确的历史观。 |
| ● |
| 相关链接 |
|
|
|
正题名:隐秘的逻辑
索取号:K105/12
 
预约/预借
| 序号 | 登录号 | 条形码 | 馆藏地/架位号 | 状态 | 备注 |
| 1 | 852499 | 2000852499 | 第二书库/ [索取号:K105/12] | 在馆 | |
| 2 | 852500 | 2000852500 | 第二书库/ [索取号:K105/12] | 在馆 | |
| 3 | 852501 | 2000852501 | 第二书库/ [索取号:K105/12] | 在馆 |